000 00957nam0a2200289 4500
001 RU\NLR\bibl\1513093
005 20260409065446.0
010 _a978-5-392-01504-7
_9500
021 _aRU
_b2010-27066
_91821
035 _a(NLR Aleph) 001504480
090 _a41033
_c41033
100 _a20100519d2010 |||y0rusy50 ca
101 0 _arus
_aeng
102 _aRU
105 _aa |||||||||
200 1 _aEnglish Grammar Practice
_eучебное пособие
210 _aМосква
_cПроспект
_d2010
215 _a110, [1] с.
_cил.
_d21
606 _aАнглийский язык
_xГрамматика
_jУчебные издания
_3RU\NLR\auth\6644367
_9969198
686 _aШ143.21-93рус-2
700 1 _aЦветкова
_bТ. К.
_gТатьяна Константиновна
_4070
801 0 _aRU
_bNLR
_c20100519
_gRCR
801 1 _aRU
_bNLR
_c20100519
830 _aавт. по кн.
942 _cBOOK
980 _aNB